00569 2200205 4500245005000000020001800050250001100068100001900079700001900098700002100117650001700138005001900155260003100174041001400205084001300219300003400232500007700266336000900343338001100352 aMy Sweet Kaicho Vol. 13cFujiwara, HirohText a9786022107682 aCet. 1 aFujiwara, Hiro aAnni Pramudito aWidya Anggaraeni aKomik Jepang a20230131152845 aJakartabPT Gramediac2012 aIndonesia a741.5592 a... jil. :bilus. ;c17,5 cm. aJudul asli : Kaicho Wa Maid Sama Vol. 12Diterjemahkan dari bahasa Jepang atext avolume